00717nam a22002177a 450000500170000001000150001702000260003203500140005803700090007208200180008110000260009924500620012525000100018726000450019727000580024230000220030070000100032294200250033299900190035795201230037620240828121501.0 aENG-141492 c495.00a9789390961481 aEN-125024 bDBAD a954.532FIRST aKotnala, Sunil970642 aBattlefield Jaffna Abandoned They Fought /cSunil Kotnala aFirst aDelhibVitasta Publishing (P) LTD.c2023 bDelhia2/15, Ansari Road, Daryaganj New Delhie110002 a265 p.c20 cm(Pb) 970628 2ddccENh954.93mKOT c205337d205337 00104070aVPbVPd2024-08-28eDBADg495.00l0o954.93 KOTpEN-125024r2024-08-28 00:00:00t1v495.00w2024-08-28yEN